1201 1923 1943 1841 1113 1643 1173 1399 1013 1764 1453 1481 1632 1037 1228 1544 1526 1184 1807 1616 1533 1232 1004 1654 1273 1976 1414 1598 1476 1097 1564 1133 1107 1558 1344 1834 1432 1582 1698 1455 1653 1697 1887 1112 1931 1066 1851 1584 1518 1872 1316 1739 1771 1184 1556 1440 1068 1276 1431 1317 1598 1857 1583 1405 1583 1963 1982 1646 1021 1220 1469 1787 1797 1493 1450 1589 1192 1496 1886 1876 1178 1367 1539 1912 1844 1138 1792 1851 1987 1816 1152 1485 1851 1121 1883 1205 1836 1220 1587 BCNSPRNW ULIB Ver.6.0+V

เปลี่ยนเป็นภาษาไทย

Change to English
 แสดงรายละเอียดบรรณานุกรม
  กลับหน้าหลัก

Brief Record : Get Marc (ISO 2709) : E-mail record : QR code < ปิดหน้าต่าง
LEADER : 00000nam 2200000uu 4500
001    13399112243
003     ULIB
008    110627s2551||||th 000 0 tha d
020    9789741619177
090    นว.^bม577B 2551
100 0  มิ้นตี้
245 00 Be careful ภารกิจลับทะลวงใจ/^cมิ้นตี้
250    พิมพ์ครั้งที่ 1
260    กรุงเทพฯ :^bแจ่มใส,^c2551
300    201 หน้า
710 1  แจ่มใส
945    ^p149^l0^i024470
995    ทศพร
999 ^a ใช้งานได้ทุกระบบ
รายการนี้ยังไม่มีแท็ก
คุณยังไม่ได้ล็อกอิน คุณสามารถมีกิจกรรมร่วมกับเว็บไซต์ได้ แต่ต้องล็อกอินก่อน ::
  ล็อกอิน

รายการสื่อสารสนเทศ

ลำดับที่ ประเภท เลขเรียก/บาร์โค้ด สถานที่ สถานะ
- ไม่พบข้อมูล -

รายการใกล้เคียง
    ผู้แต่ง [มิ้นตี้]

BibComment


ยังไม่เคยถูกคอมเมนท์

คอมเมนท์ทรัพยากรรายการนี้
  คอมเมนท์: Be careful ภารกิจ..


 Copyright 2026. Bcnsprnw @Library